000
00321nam a22001337a 4500
005
20250901165818.0
008
250407b |||||||| |||| 00| 0 eng d
020
_a
9789966226693
050
_a
PL 8704.R93 2008
245
_a
DAGO WA MUNJI
_c
RYANGA SHEILA
260
_a
NAIROBI
_b
JKF
_c
200819
300
_a
190
942
_2
lcc
999
_c
9539
_d
9539